| 000 | 00921nam a2200241 a 4500 | ||
|---|---|---|---|
| 001 | 85263 | ||
| 003 | BD-RjUL | ||
| 005 | 20250721155036.0 | ||
| 008 | 250721s2021 ii ||||| |||| 00| 0 ben d | ||
| 020 | _a9788172930141 | ||
| 035 | _a(BD-RjUL)85263 | ||
| 040 |
_aBD-RjUL _beng _cBD-RjUL |
||
| 041 | _aben | ||
| 082 |
_223 _a891.4414 _bBIR 2021 |
||
| 100 |
_aবিশী, প্রমথনাথ _91128 |
||
| 245 |
_aরবীন্দ্রকাব্য প্রবাহ / _cপ্রমথনাথ বিশী |
||
| 250 | _a১৯তম সং. | ||
| 260 |
_aকলকাতা : _bমিত্র ও ঘোষ পাবলিশার্স প্রাঃ লিঃ, _c২০২১ |
||
| 300 |
_a২৯২ পৃ.; _c২২ সেমি. |
||
| 600 |
_aঠাকুর, রবীন্দ্রনাথ, _d১৮৬১-১৯৪১ |
||
| 600 |
_aTagore, Robindronath, _d1861-1941 |
||
| 942 |
_2ddc _cBK |
||
| 999 |
_c85263 _d85263 |
||